| 000 | 01121nam a2200301 p 4500 | ||
|---|---|---|---|
| 001 | 3025 | ||
| 003 | BD-RjUL | ||
| 005 | 20211208233648.0 | ||
| 008 | 131217s1975 ne b 001 0 eng | ||
| 020 |
_a0444106499 (American Elsevier) : _a0444108920 (American Elsevier) |
||
| 035 | _a(BD-RjUL)3059 | ||
| 040 |
_aDLC _cDLC _dDLC _dBD-RjUL _beng |
||
| 041 | _aeng | ||
| 082 | 0 | 0 |
_a338.94 _bEUR 1975 |
| 245 | 0 | 0 |
_aEuropean economic integration / _cBela Balassa, ed. ... [et al.]. |
| 260 |
_aAmsterdam : _bNorth-Holland ; _aNew York : _bAmerican Elsevier , _cc1975. |
||
| 300 |
_axxviii, 416 p. ; _c23 cm. |
||
| 504 | _aIncludes bibliographies and indexes. | ||
| 610 | 2 | 0 |
_aEuropean Economic Community. _99632 |
| 650 | 0 |
_aAgriculture and state _zEuropean Economic Community countries. _99399 |
|
| 651 | 0 |
_aEurope _xEconomic integration. _99337 |
|
| 700 | 1 |
_aBalassa, Bela A. _99628 |
|
| 856 | _uhttp://www.worldcat.org/title/european-economic-integration/oclc/1859612&referer=brief_results | ||
| 942 |
_2ddc _cBK |
||
| 999 |
_c3025 _d3025 |
||